000 00353nam a2200157 4500
020 _a9788195026531
082 _aM1
_bALE/S
100 _aAleena
245 _aSilk root/
_cby Aleena
260 _as.l.:
_bGoosebery,
_c2021.
300 _a168p.
650 _aPoetry Malayalam
650 _aLiterature Malayalam
650 _aLiterature
942 _cBK
999 _c181593
_d181593